Southville International School and Colleges
Your cart is empty.
  • Cart
  • Lists
    Public lists Eva Luna New books Lux_list list_1
    Your lists Log in to create your own lists
  • Log in to your account
  • Your cookies
  • Search history
Southville International School and Colleges
  • Advanced search
  • Recent comments
  • Most popular
  • Libraries

Log in to your account

Log in with GOOGLE


If you do not have an external account, but do have a local account, you can still log in:

  1. Home
  2. MARC view: How to teach and manage children with ADHD /
Normal view MARC view ISBD view

How to teach and manage children with ADHD / (Record no. 21242)

[ view plain ]
MARC details
000 -LEADER
fixed length control field 00640nam a2200205 a 4500
005 - DATE AND TIME OF LATEST TRANSACTION
control field 20140310183314.0
008 - FIXED-LENGTH DATA ELEMENTS--GENERAL INFORMATION
fixed length control field 051011s19uu xx 00 eng d
020 ## - INTERNATIONAL STANDARD BOOK NUMBER
International Standard Book Number 1855033488
050 ## - LIBRARY OF CONGRESS CALL NUMBER
Classification number LC 4713.4
Item number .Or66 2004
100 ## - MAIN ENTRY--PERSONAL NAME
Personal name O'Regan, Fintan J
245 ## - TITLE STATEMENT
Title How to teach and manage children with ADHD /
Statement of responsibility, etc Fintan J O'Regan.
260 ## - PUBLICATION, DISTRIBUTION, ETC. (IMPRINT)
Place of publication, distribution, etc Cambridge :
Name of publisher, distributor, etc LDA,
Date of publication, distribution, etc 2004.
300 ## - PHYSICAL DESCRIPTION
Extent 64 p. :
Other physical details ill. ;
Dimensions 31 cm.
521 ## - TARGET AUDIENCE NOTE
Target audience note
650 ## - SUBJECT ADDED ENTRY--TOPICAL TERM
Topical term or geographic name as entry element Attention-deficit children
General subdivision Education.
650 ## - SUBJECT ADDED ENTRY--TOPICAL TERM
Topical term or geographic name as entry element Hyperactive children
General subdivision Education
-- United States.
650 ## - SUBJECT ADDED ENTRY--TOPICAL TERM
Topical term or geographic name as entry element Classroom management
General subdivision United States.
942 ## - ADDED ENTRY ELEMENTS (KOHA)
Koha item type Books
Source of classification or shelving scheme Library of Congress Classification
Call number prefix Foreign
Holdings
Withdrawn status Lost status Source of classification or shelving scheme Damaged status Home library Current library Shelving location Date acquired Source of acquisition Cost, normal purchase price Total Checkouts Full call number Barcode Date last seen Copy number Price effective from Koha item type
    Library of Congress Classification   College Library College Library General Circulation Section 10/01/2010   1529.00   LC 4713.4 .Or66 2004 C6337 05/15/2018 1 10/10/2013 Books

How to teach and manage children with ADHD /

APA

O'Regan F. J., . (2004). How to teach and manage children with ADHD. Cambridge: LDA.

Chicago

O'Regan Fintan J, . 2004. How to teach and manage children with ADHD. Cambridge: LDA.

Harvard

O'Regan F. J., . (2004). How to teach and manage children with ADHD. Cambridge: LDA.

MLA

O'Regan Fintan J, . How to teach and manage children with ADHD. Cambridge: LDA. 2004.

  • Place hold
  • Print
  • Cite
  • Add to your cart (remove)
  • Save record
    BIBTEX Dublin Core MARCXML MARC (non-Unicode/MARC-8) MARC (Unicode/UTF-8) MARC (Unicode/UTF-8, Standard) MODS (XML) RIS
  • More searches
    Search for this title in:
    Other Libraries (WorldCat) Other Databases (Google Scholar) Online Stores (Bookfinder.com) Open Library (openlibrary.org)

Exporting to Dublin Core...

SOUTHVILLE LIBRARY

Southville International School and Colleges Library

1281 Tropical Ave. Cor. Luxembourg St., BF Homes International, Las Pinas City

Tel. No. 8256374 / 252358 Loc. 117/146

Powered by Koha